The noble scholar, jurist, historian


 His Excellency Dr. Abdul Wahhab bin Ibrahim Abu Sulaiman, may Allah have mercy on him.


 He was born in Umm Al-Qura in the year 1356 AH.

حركة الإنسان والأعمال بين دول الخليج والمغرب العربي : (Record no. 1318)

MARC details
000 -LEADER
fixed length control field 02273cam a2200445 ia4500
003 - CONTROL NUMBER IDENTIFIER
control field SA-RiAUC
005 - DATE AND TIME OF LATEST TRANSACTION
control field 20241015062824.0
008 - FIXED-LENGTH DATA ELEMENTS--GENERAL INFORMATION
fixed length control field 241013s2011 su a f b f100 0 ara c
020 ## - INTERNATIONAL STANDARD BOOK NUMBER
International Standard Book Number 9786038002612 (مجموعة)
020 ## - INTERNATIONAL STANDARD BOOK NUMBER
International Standard Book Number 9786038002629
020 ## - INTERNATIONAL STANDARD BOOK NUMBER
International Standard Book Number 9786038002636
020 ## - INTERNATIONAL STANDARD BOOK NUMBER
International Standard Book Number 4185732
024 0# - OTHER STANDARD IDENTIFIER
Standard number or code 33000000002583
024 0# - OTHER STANDARD IDENTIFIER
Standard number or code 33000000002584
024 0# - OTHER STANDARD IDENTIFIER
Standard number or code 33000000002952
024 0# - OTHER STANDARD IDENTIFIER
Standard number or code 33000000002953
040 ## - CATALOGING SOURCE
Original cataloging agency SA-RiNAUS
Language of cataloging ara
Transcribing agency SA-RiAUC
Description conventions rda
043 ## - GEOGRAPHIC AREA CODE
Geographic area code ap-----
082 04 - DEWEY DECIMAL CLASSIFICATION NUMBER
Classification number 327.6
Assigning agency SA-RiAUC
090 ## - LOCALLY ASSIGNED LC-TYPE CALL NUMBER (OCLC); LOCAL CALL NUMBER (RLIN)
Classification number (OCLC) (R) ; Classification number, CALL (RLIN) (NR) 327.6
Local cutter number (OCLC) ; Book number/undivided call number, CALL (RLIN) م ؤ ت
111 2# - MAIN ENTRY--MEETING NAME
Meeting name or jurisdiction name as entry element المؤتمر العلمي الخليجي المغاربي
Number of part/section/meeting (4 :
Date of meeting or treaty signing 2009 :
Location of meeting الكويت)
245 10 - TITLE STATEMENT
Title حركة الإنسان والأعمال بين دول الخليج والمغرب العربي :
Remainder of title بحوث المؤتمر العلمي الخليجي المغاربي الرابع المنعقد في مدينة الكويت بدولة الكويت 2009 /
Statement of responsibility, etc. بالتعاون بين دارة الملك عبد العزيز ومركز دراسات الخليج والجزيرة العربية ومركز الدراسات الاستراتيجية والمستقبلية بجامعة الكويت.
250 ## - EDITION STATEMENT
Edition statement الطبعة الأولى.
264 #1 - PRODUCTION, PUBLICATION, DISTRIBUTION, MANUFACTURE, AND COPYRIGHT NOTICE
Place of production, publication, distribution, manufacture الرياض :
Name of producer, publisher, distributor, manufacturer دارة الملك عبد العزيز،
Date of production, publication, distribution, manufacture, or copyright notice [2011]
300 ## - PHYSICAL DESCRIPTION
Extent 2 مجلد :
Other physical details جداول، صور ؛
Dimensions 24 × 17 سم.
336 ## - CONTENT TYPE
Content type term نص
Content type code txt
Source rdacontent
Materials specified كتاب
337 ## - MEDIA TYPE
Media type term بدون وسيط
Media type code n
Source rdamedia
338 ## - CARRIER TYPE
Carrier type term مجلد
Carrier type code nc
Source rdacarrier
490 0# - SERIES STATEMENT
Series statement إصدارات دارة الملك عبد العزيز ؛
Volume/sequential designation 268
500 ## - GENERAL NOTE
General note س ع د أ /9.
504 ## - BIBLIOGRAPHY, ETC. NOTE
Bibliography, etc. note ببليوجرافية : صفحة 473-477.
650 #7 - SUBJECT ADDED ENTRY--TOPICAL TERM
Topical term or geographic name entry element المطبوعات الحكومية
Source of heading or term aucsh
651 #7 - SUBJECT ADDED ENTRY--GEOGRAPHIC NAME
Geographic name دول الخليج العربية
General subdivision علاقات خارجية
Geographic subdivision المغرب العربي
Form subdivision مؤتمرات
Source of heading or term aucsh
651 #7 - SUBJECT ADDED ENTRY--GEOGRAPHIC NAME
Geographic name السعودية
General subdivision مطبوعات حكومية
Source of heading or term aucsh
710 2# - ADDED ENTRY--CORPORATE NAME
Corporate name or jurisdiction name as entry element دارة الملك عبد العزيز
Relator term منظم.
710 2# - ADDED ENTRY--CORPORATE NAME
Corporate name or jurisdiction name as entry element مركز دراسات الخليج والجزيرة العربية
Relator term منظم.
710 2# - ADDED ENTRY--CORPORATE NAME
Corporate name or jurisdiction name as entry element مركز الدراسات الاستراتيجية والمستقبلية (الكويت)
Relator term منظم.
942 ## - ADDED ENTRY ELEMENTS (KOHA)
Source of classification or shelving scheme Dewey Decimal Classification
Koha item type Books
Suppress in OPAC No
949 ## - LOCAL PROCESSING INFORMATION (OCLC)
a SA-JeALM
d 241013
u mohamedma123
n 1
Holdings
Withdrawn status Lost status Source of classification or shelving scheme Materials specified (bound volume or other part) Damaged status Not for loan Home library Current library Date acquired Total checkouts Full call number Barcode Date last seen Price effective from Koha item type
    Dewey Decimal Classification المجلد الثاني     DR AbdElwahab Library DR AbdElwahab Library 10/15/2024   327.6 م ؤ ت 000001902 10/15/2024 10/15/2024 Books
    Dewey Decimal Classification المجلد الاول     DR AbdElwahab Library DR AbdElwahab Library 04/19/2025   327.6 م ؤ ت 000012106 04/19/2025 04/19/2025 Books